Fundamental of Tribology (Record no. 3925)
[ view plain ]
| 000 -LEADER | |
|---|---|
| fixed length control field | 00328nam a2200145Ia 4500 |
| 008 - FIXED-LENGTH DATA ELEMENTS--GENERAL INFORMATION | |
| fixed length control field | 191201s2009 xx 000 0 und d |
| 082 ## - DEWEY DECIMAL CLASSIFICATION NUMBER | |
| Classification number | 621.89 |
| Item number | BAF |
| 100 ## - MAIN ENTRY--PERSONAL NAME | |
| Personal name | BASU, S K |
| 245 #0 - TITLE STATEMENT | |
| Title | Fundamental of Tribology |
| 250 ## - EDITION STATEMENT | |
| Edition statement | Rep. |
| 260 ## - PUBLICATION, DISTRIBUTION, ETC. (IMPRINT) | |
| Place of publication, distribution, etc | N.Delhi |
| Name of publisher, distributor, etc | PHI |
| Date of publication, distribution, etc | 2009 |
| 300 ## - PHYSICAL DESCRIPTION | |
| Extent | 259 |
| 650 ## - SUBJECT ADDED ENTRY--TOPICAL TERM | |
| Topical term or geographic name as entry element | B.Tech(ME) |
| 942 ## - ADDED ENTRY ELEMENTS (KOHA) | |
| Source of classification or shelving scheme | Dewey Decimal Classification |
| Koha item type | Text Books |
| Withdrawn status | Lost status | Source of classification or shelving scheme | Damaged status | Not for loan | Collection code | Home library | Current library | Date acquired | Source of acquisition | Cost, normal purchase price | Bill Number | Total Checkouts | Full call number | Acc. no. / Barcode | Date last seen | Bill Date | Koha item type |
|---|---|---|---|---|---|---|---|---|---|---|---|---|---|---|---|---|---|
| Dewey Decimal Classification | B.Tech(ME) | PIET C-LIBRARY | PIET C-LIBRARY | 16/03/2009 | J B C, New Delhi | 225.00 | SI-6283 | 621.89 BAF | 12087 | 04/12/2019 | 12/03/2009 | Text Books | |||||
| Dewey Decimal Classification | B.Tech(ME) | PIET C-LIBRARY | PIET C-LIBRARY | 16/03/2009 | J B C, New Delhi | 225.00 | SI-6283 | 621.89 BAF | 12088 | 04/12/2019 | 12/03/2009 | Text Books | |||||
| Dewey Decimal Classification | B.Tech(ME) | PIET C-LIBRARY | PIET C-LIBRARY | 16/03/2009 | J B C, New Delhi | 225.00 | SI-6283 | 621.89 BAF | 12089 | 04/12/2019 | 12/03/2009 | Text Books | |||||
| Dewey Decimal Classification | B.Tech(ME) | PIET C-LIBRARY | PIET C-LIBRARY | 16/03/2009 | J B C, New Delhi | 225.00 | SI-6283 | 621.89 BAF | 12090 | 04/12/2019 | 12/03/2009 | Text Books | |||||
| Dewey Decimal Classification | B.Tech(ME) | PIET C-LIBRARY | PIET C-LIBRARY | 16/03/2009 | J B C, New Delhi | 225.00 | SI-6283 | 621.89 BAF | 12091 | 04/12/2019 | 12/03/2009 | Text Books |